Statistieken voor Top 10 landen met meeste inwoners in Europa/Midden Oosten

Klik hier om de quiz te nemen!

Algemene statistieken

  • Deze quiz is 65 keer genomen
  • De gemiddelde score is 7 van 10

Antwoordstatistieken

HintAntwoord% Correct
4.Duitsland
92%
5.Frankrijk
85%
1.Rusland
85%
7.Italie
78%
8.Spanje
78%
3.Turkije
76%
9.Oekraine
71%
2.Iran
56%
10.Irak
51%
6.Verenigd Koningkrijk
7%

Scoreverdeling

Percentiel versus Aantal Correcte Antwoorden

Procent van Mensen met Elke Score

Uw Scoregeschiedenis

U heeft deze quiz nog niet genomen